[Event "Groningen Festival 2018"]
[Site "Groningen"]
[Date "2018.12.26"]
[Round "5"]
[White "Pruijssers, Roeland"]
[Black "Ulybin, Mikhail"]
[Result "0-1"]
[WhiteElo "2520"]
[BlackElo "2482"]
[Annotator "ChessBase"]
[PlyCount "84"]
[EventDate "2018.12.22"]
[EventType "swiss"]
[EventCountry "NED"]
[SourceTitle "playchess.com"]
[Source "ChessBase"]
[SourceQuality "1"]
[TimeControl "40/5400+30:1800+30"]

1. e4 {[%emt 0:00:00]} e6 {[%emt 0:03:33]} 2. d4 {[%emt 0:00:00]} d5 {[%emt 0:00:57]} 3. Nd2 {[%emt 0:00:09]} Nf6 {[%emt 0:01:39]} 4. e5 {[%emt 0:00:46]} Nfd7 {[%emt 0:00:49]} 5. f4 {[%emt 0:00:15]} c5 {[%emt 0:01:31]} 6. c3 {[%emt 0:04:06]} Nc6 {[%emt 0:00:50]} 7. Ndf3 {[%emt 0:00:09]} Qb6 {[%emt 0:00:49]} 8. g3 {[%emt 0:00:30]} Be7 {[%emt 0:03:10]} 9. Kf2 {[%emt 0:12:28]} a5 {[%emt 0:03:38]} 10. Kg2 {[%emt 0:03:22]} cxd4 {[%emt 0:07:37]} 11. cxd4 {[%emt 0:00:07]} a4 {[%emt 0:01:09]} 12. Nh3 {[%emt 0:01:18]} Ndb8 {[%emt 0:12:59]} 13. Nf2 {[%emt 0:14:41]} Bd7 {[%emt 0:06:00]} 14. Bd2 {[%emt 0:09:59]} Na5 {[%emt 0:17:57]} 15. Bxa5 {[%emt 0:10:06]} Rxa5 {[%emt 0:02:07]} 16. Bd3 {[%emt 0:00:27]} Nc6 {[%emt 0:08:37]} 17. Bc2 {[%emt 0:08:19]} Qxb2 {[%emt 0:11:17]} 18. Rb1 {[%emt 0:01:19]} Qxa2 {[%emt 0:01:51]} 19. Qd2 {[%emt 0:11:22]} b5 {[%emt 0:06:56]} 20. Rhc1 {[%emt 0:01:52]} Ba3 {[%emt 0:04:44]} 21. Re1 {[%emt 0:00:40]} Bb2 {[%emt 0:01:07]} 22. Nd3 {[%emt 0:04:41]} a3 {[%emt 0:00:45]} 23. Nc5 {[%emt 0:01:11]} Qc4 {[%emt 0:00:40]} 24. Bb3 {[%emt 0:09:59]} Qc3 {[%emt 0:00:30]} 25. Qe2 {[%emt 0:01:10]} Nxd4 {[%emt 0:00:23]} 26. Nxd4 {[%emt 0:00:02]} Qxc5 {[%emt 0:00:28]} 27. Nf3 {[%emt 0:00:01]} Qc3 {[%emt 0:00:43]} 28. Ba2 {[%emt 0:00:41]} O-O {[%emt 0:00:23]} 29. f5 {[%emt 0:00:05]} exf5 {[%emt 0:00:19]} 30. Bxd5 {[%emt 0:00:06]} Be6 {[%emt 0:00:18]} 31. Bxe6 {[%emt 0:00:08]} fxe6 {[%emt 0:00:07]} 32. Red1 {[%emt 0:00:33]} b4 {[%emt 0:00:36]} 33. Nd4 {[%emt 0:00:26]} Rd5 {[%emt 0:00:44]} 34. Nf3 {[%emt 0:00:46]} Rxd1 {[%emt 0:00:59]} 35. Rxd1 {[%emt 0:00:01]} a2 {[%emt 0:00:33]} 36. Qa6 {[%emt 0:00:02]} Qc2+ {[%emt 0:00:27]} 37. Rd2 {[%emt 0:00:36]} Qxd2+ {[%emt 0:00:32]} 38. Nxd2 {[%emt 0:00:02]} a1=Q {[%emt 0:00:12]} 39. Qxe6+ {[%emt 0:00:05]} Kh8 {[%emt 0:00:10]} 40. Nc4 {[%emt 0:00:05]} Bd4 {[%emt 0:00:51]} 41. Nd6 {[%emt 0:30:39]} Qg1+ {[%emt 0:30:37]} 42. Kf3 {[%emt 0:01:00]} Qf2# {[%emt 0:01:26]} 0-1

[Event "Groningen Festival 2018"]
[Site "Groningen"]
[Date "2018.12.26"]
[Round "5"]
[White "Gleizerov, Evgeny"]
[Black "Kislinsky, Alexey"]
[Result "0-1"]
[WhiteElo "2504"]
[BlackElo "2425"]
[Annotator "ChessBase"]
[PlyCount "70"]
[EventDate "2018.12.22"]
[EventType "swiss"]
[EventCountry "NED"]
[SourceTitle "playchess.com"]
[Source "ChessBase"]
[SourceQuality "1"]
[TimeControl "40/5400+30:1800+30"]

1. d4 {[%emt 0:00:00]} g6 {[%emt 0:00:00]} 2. c4 {[%emt 0:00:08]} Bg7 {[%emt 0:00:00]} 3. Nf3 {[%emt 0:00:03]} c5 {[%emt 0:00:26]} 4. d5 {[%emt 0:02:33]} d6 {[%emt 0:00:56]} 5. Nc3 {[%emt 0:00:26]} Bxc3+ {[%emt 0:01:01]} 6. bxc3 {[%emt 0:00:04]} f5 {[%emt 0:00:08]} 7. Bf4 {[%emt 0:07:40]} Nf6 {[%emt 0:01:19]} 8. e3 {[%emt 0:00:03]} Qa5 {[%emt 0:00:37]} 9. Qc2 {[%emt 0:00:06]} Nbd7 {[%emt 0:01:00]} 10. Bd3 {[%emt 0:00:32]} b5 {[%emt 0:03:23]} 11. Nd2 {[%emt 0:06:03]} bxc4 {[%emt 0:06:07]} 12. Nxc4 {[%emt 0:03:58]} Qc7 {[%emt 0:00:05]} 13. e4 {[%emt 0:04:09]} fxe4 {[%emt 0:02:14]} 14. Bxe4 {[%emt 0:00:14]} Ba6 {[%emt 0:00:55]} 15. Bd3 {[%emt 0:11:55]} O-O {[%emt 0:11:32]} 16. Ne3 {[%emt 0:02:44]} Bxd3 {[%emt 0:01:45]} 17. Qxd3 {[%emt 0:00:03]} c4 {[%emt 0:16:09]} 18. Qd4 {[%emt 0:10:38]} Qc5 {[%emt 0:00:42]} 19. Rd1 {[%emt 0:00:24]} Qxd4 {[%emt 0:05:24]} 20. Rxd4 {[%emt 0:00:27]} Nc5 {[%emt 0:00:08]} 21. Rxc4 {[%emt 0:08:03]} Nfe4 {[%emt 0:06:37]} 22. Bg3 {[%emt 0:02:15]} Rab8 {[%emt 0:02:30]} 23. Nd1 {[%emt 0:03:34]} Nd3+ {[%emt 0:12:18]} 24. Ke2 {[%emt 0:00:13]} Ndxf2 {[%emt 0:01:32]} 25. Nxf2 {[%emt 0:15:46]} Rb2+ {[%emt 0:03:28]} 26. Kd3 {[%emt 0:02:50]} Nxf2+ {[%emt 0:01:22]} 27. Bxf2 {[%emt 0:00:08]} Rfxf2 {[%emt 0:00:47]} 28. Re4 {[%emt 0:02:13]} Rfd2+ {[%emt 0:03:59]} 29. Kc4 {[%emt 0:00:04]} e5 {[%emt 0:00:30]} 30. a3 {[%emt 0:03:07]} Rxg2 {[%emt 0:02:14]} 31. h4 {[%emt 0:00:05]} h5 {[%emt 0:01:05]} 32. Rf1 {[%emt 0:00:47]} Kg7 {[%emt 0:00:18]} 33. Rf3 {[%emt 0:00:56]} Rb7 {[%emt 0:00:39]} 34. Kd3 {[%emt 0:00:41]} Rb5 {[%emt 0:01:29]} 35. Ra4 {[%emt 0:00:05]} a5 {[%emt 0:00:25]} 0-1

[Event "Groningen Festival 2018"]
[Site "Groningen"]
[Date "2018.12.26"]
[Round "5"]
[White "Ladva, Ottomar"]
[Black "Tiviakov, Sergei"]
[Result "1/2-1/2"]
[WhiteElo "2497"]
[BlackElo "2613"]
[Annotator "RC"]
[PlyCount "121"]
[EventDate "2018.12.22"]
[EventType "swiss"]
[EventCountry "NED"]
[SourceTitle "playchess.com"]
[Source "ChessBase"]
[SourceQuality "1"]
[TimeControl "40/5400+30:1800+30"]

1. d4 {[%emt 0:00:00]} Nf6 {[%emt 0:00:00]} 2. Nf3 {[%emt 0:00:00]} e6 {[%emt 0:00:00]} 3. g3 {[%emt 0:00:00]} b6 {[%emt 0:00:00]} 4. Bg2 {[%emt 0:00:07]} Bb7 {[%emt 0:00:00]} 5. O-O {[%emt 0:00:14]} Be7 {[%emt 0:00:00]} 6. c4 {[%emt 0:00:07]} c6 {[%emt 0:00:06]} 7. Nc3 {[%emt 0:01:12]} d5 {[%emt 0:00:07]} 8. Ne5 {[%emt 0:09:11]} Nfd7 {[%emt 0:01:41]} 9. cxd5 {[%emt 0:15:58]} cxd5 {[%emt 0:00:19]} 10. Bf4 {[%emt 0:08:48]} O-O {[%emt 0:02:03]} 11. Nc4 {[%emt 0:07:02]} Nf6 {[%emt 0:02:08]} 12. Rc1 {[%emt 0:13:06]} Nc6 {[%emt 0:02:17]} 13. Ne5 {[%emt 0:00:12]} Rc8 {[%emt 0:02:36]} 14. Qa4 {[%emt 0:05:57]} a6 {[%emt 0:02:18]} 15. Nxc6 {[%emt 0:08:57]} Rxc6 {[%emt 0:00:20]} 16. Nb1 {[%emt 0:08:00]} b5 {[%emt 0:00:58]} 17. Qb3 {[%emt 0:02:37]} Rc4 {[%emt 0:04:02]} 18. Qd3 {[%emt 0:02:49]} Qb6 {[%emt 0:04:44]} 19. b3 {[%emt 0:00:45]} Rcc8 {[%emt 0:01:32]} 20. Rxc8 {[%emt 0:04:06]} Rxc8 {[%emt 0:00:09]} 21. Rc1 {[%emt 0:00:07]} Rxc1+ {[%emt 0:02:23]} 22. Bxc1 {[%emt 0:00:02]} b4 {[%emt 0:02:45]} 23. e3 {[%emt 0:03:58]} Qc6 {[%emt 0:05:09]} 24. Bb2 {[%emt 0:00:20]} Ne4 {[%emt 0:00:25]} 25. Qd1 {[%emt 0:03:43]} g6 {[%emt 0:03:33]} 26. Qc1 {[%emt 0:01:19]} a5 {[%emt 0:03:08]} 27. Qxc6 {[%emt 0:02:07]} Bxc6 {[%emt 0:00:30]} 28. f3 {[%emt 0:00:05]} Nd6 {[%emt 0:00:10]} 29. a4 {[%emt 0:00:36]} Nf5 {[%emt 0:28:59]} 30. Kf2 {[%emt 0:00:02]} Bg5 {[%emt 0:00:08]} 31. f4 {[%emt 0:00:32]} Bd8 {[%emt 0:00:19]} 32. g4 {[%emt 0:00:54]} Nd6 {[%emt 0:07:26]} 33. Nd2 {[%emt 0:00:01]} Bh4+ {[%emt 0:01:08]} 34. Ke2 {[%emt 0:00:40]} Bb7 {[%emt 0:00:33]} 35. Kd1 {[%emt 0:01:44]} Bf2 {[%emt 0:01:43]} 36. Ke2 {[%emt 0:00:30]} Bg1 {[%emt 0:02:53]} 37. h3 {[%emt 0:00:51]} Ba6+ {[%emt 0:00:20]} 38. Kf3 {[%emt 0:00:01]} Bd3 {[%emt 0:00:12]} 39. Bc1 {[%emt 0:01:19]} g5 {[%emt 0:11:07]} 40. fxg5 {[%emt 0:01:03]} Bc2 {[%emt 0:00:14]} 41. Ke2 {[%emt 0:07:41]} Ne4 {[%emt 0:00:52]} 42. Bxe4 {[%emt 0:08:42]} dxe4 {[%emt 0:00:08]} 43. Nc4 {[%emt 0:00:23]} Bxb3 {[%emt 0:02:21]} 44. Nxa5 {[%emt 0:00:07]} Bxa4 {[%emt 0:00:29]} 45. h4 {[%emt 0:07:54]} Bb5+ {[%emt 0:16:05]} 46. Ke1 {[%emt 0:01:49]} Bh2 {[%emt 0:01:01]} 47. Kf2 {[%emt 0:00:01]} Bc7 {[%emt 0:00:15]} 48. Nb3 {[%emt 0:00:25]} Bc4 {[%emt 0:00:36]} 49. Nc5 {[%emt 0:00:14]} Bd5 {[%emt 0:00:09]} 50. Nd7 {[%emt 0:01:38]} b3 {[%emt 0:02:47]} 51. Nf6+ {[%emt 0:01:27]} Kh8 {[%emt 0:00:04]} 52. h5 {[%emt 0:01:49]} h6 {[%emt 0:09:01]} 53. gxh6 {[%emt 0:00:40]} Bd8 {[%emt 0:00:03]} 54. g5 {[%emt 0:01:23]} Bxf6 {[%emt 0:00:03]} 55. gxf6 {[%emt 0:00:03]} Kh7 {[%emt 0:00:03]} 56. Kg3 {[%emt 0:00:20]} Kxh6 {[%emt 0:00:06]} 57. Kh4 {[%emt 0:00:10]} Bc4 {[%emt 0:00:37]} 58. Ba3 {[%emt 0:00:02]} Be2 {[%emt 0:00:06]} 59. Bf8+ {[%emt 0:00:03]} Kh7 {[%emt 0:00:03]} 60. Ba3 {[%emt 0:00:04]} Kh6 {[%emt 0:01:22]} 61. Bf8+ {[%emt 0:00:05]} 1/2-1/2

[Event "Groningen Festival 2018"]
[Site "Groningen"]
[Date "2018.12.26"]
[Round "5"]
[White "Beerdsen, Thomas"]
[Black "Pel, Bonno"]
[Result "1/2-1/2"]
[WhiteElo "2477"]
[BlackElo "2279"]
[Annotator "ChessBase"]
[PlyCount "86"]
[EventDate "2018.12.22"]
[EventType "swiss"]
[EventCountry "NED"]
[SourceTitle "playchess.com"]
[Source "ChessBase"]
[SourceQuality "1"]
[TimeControl "40/5400+30:1800+30"]

1. e4 {[%emt 0:00:00]} d6 {[%emt 0:00:00]} 2. d4 {[%emt 0:00:00]} g6 {[%emt 0:00:00]} 3. Nc3 {[%emt 0:01:19]} Bg7 {[%emt 0:00:05]} 4. Be3 {[%emt 0:00:17]} a6 {[%emt 0:00:27]} 5. h4 {[%emt 0:01:00]} Nf6 {[%emt 0:04:36]} 6. f3 {[%emt 0:00:39]} h5 {[%emt 0:03:45]} 7. Qd2 {[%emt 0:00:36]} b5 {[%emt 0:00:35]} 8. O-O-O {[%emt 0:00:14]} c6 {[%emt 0:00:57]} 9. Kb1 {[%emt 0:03:17]} Qc7 {[%emt 0:08:00]} 10. Bd3 {[%emt 0:02:54]} Nbd7 {[%emt 0:03:52]} 11. Nh3 {[%emt 0:00:52]} Bb7 {[%emt 0:07:36]} 12. Ng5 {[%emt 0:04:43]} e5 {[%emt 0:12:50]} 13. Qf2 {[%emt 0:05:40]} b4 {[%emt 0:09:28]} 14. Na4 {[%emt 0:05:08]} O-O {[%emt 0:11:53]} 15. dxe5 {[%emt 0:10:07]} Nxe5 {[%emt 0:01:21]} 16. Nb6 {[%emt 0:00:57]} Rab8 {[%emt 0:07:05]} 17. Bf4 {[%emt 0:03:43]} c5 {[%emt 0:05:29]} 18. Nc4 {[%emt 0:02:33]} Rbd8 {[%emt 0:03:41]} 19. Be2 {[%emt 0:04:59]} Qe7 {[%emt 0:06:25]} 20. Nxe5 {[%emt 0:02:25]} dxe5 {[%emt 0:00:08]} 21. Be3 {[%emt 0:00:05]} Rd4 {[%emt 0:01:14]} 22. Bxd4 {[%emt 0:00:41]} cxd4 {[%emt 0:00:40]} 23. g4 {[%emt 0:02:04]} Rc8 {[%emt 0:01:02]} 24. Rdg1 {[%emt 0:01:31]} hxg4 {[%emt 0:04:34]} 25. Bd3 {[%emt 0:05:49]} g3 {[%emt 0:02:53]} 26. Rxg3 {[%emt 0:00:20]} Nh5 {[%emt 0:00:08]} 27. Rg4 {[%emt 0:00:05]} Rc6 {[%emt 0:00:21]} 28. Qf1 {[%emt 0:05:25]} Bc8 {[%emt 0:00:24]} 29. Bc4 {[%emt 0:03:55]} Bxg4 {[%emt 0:02:28]} 30. fxg4 {[%emt 0:00:24]} Rf6 {[%emt 0:02:11]} 31. gxh5 {[%emt 0:07:19]} Rxf1+ {[%emt 0:00:39]} 32. Rxf1 {[%emt 0:00:05]} Qc5 {[%emt 0:00:40]} 33. Bxf7+ {[%emt 0:00:44]} Kh8 {[%emt 0:00:01]} 34. Bxg6 {[%emt 0:02:25]} d3 {[%emt 0:00:47]} 35. cxd3 {[%emt 0:00:28]} Qe3 {[%emt 0:00:18]} 36. Rc1 {[%emt 0:01:33]} Qxd3+ {[%emt 0:00:17]} 37. Ka1 {[%emt 0:00:05]} Bf8 {[%emt 0:00:49]} 38. Bf5 {[%emt 0:06:56]} Bc5 {[%emt 0:00:37]} 39. h6 {[%emt 0:00:28]} Qd2 {[%emt 0:00:36]} 40. Rb1 {[%emt 0:04:00]} Bd4 {[%emt 0:00:21]} 41. Nf7+ {[%emt 0:31:29]} Kg8 {[%emt 0:05:15]} 42. h7+ {[%emt 0:00:00]} Kxf7 {[%emt 0:00:09]} 43. h8=Q {[%emt 0:00:00]} Bxb2+ {[%emt 0:00:09]} 1/2-1/2

[Event "Groningen Festival 2018"]
[Site "Groningen"]
[Date "2018.12.26"]
[Round "5"]
[White "Vrolijk, Liam"]
[Black "Ernst, Sipke"]
[Result "1/2-1/2"]
[WhiteElo "2440"]
[BlackElo "2539"]
[Annotator "ChessBase"]
[PlyCount "30"]
[EventDate "2018.12.22"]
[EventType "swiss"]
[EventCountry "NED"]
[SourceTitle "playchess.com"]
[Source "ChessBase"]
[SourceQuality "1"]
[TimeControl "40/5400+30:1800+30"]

1. e4 {[%emt 0:00:00]} e6 {[%emt 0:00:10]} 2. d4 {[%emt 0:00:02]} d5 {[%emt 0:00:05]} 3. Nd2 {[%emt 0:01:55]} Be7 {[%emt 0:01:12]} 4. Bd3 {[%emt 0:02:25]} c5 {[%emt 0:00:12]} 5. dxc5 {[%emt 0:02:54]} Nf6 {[%emt 0:00:04]} 6. Qe2 {[%emt 0:02:35]} O-O {[%emt 0:12:45]} 7. Ngf3 {[%emt 0:00:40]} Nc6 {[%emt 0:02:07]} 8. O-O {[%emt 0:08:36]} a5 {[%emt 0:00:54]} 9. a4 {[%emt 0:11:58]} Nb4 {[%emt 0:06:36]} 10. Nb3 {[%emt 0:10:48]} b6 {[%emt 0:00:41]} 11. e5 {[%emt 0:05:11]} Nd7 {[%emt 0:02:43]} 12. c6 {[%emt 0:10:16]} Nxc6 {[%emt 0:07:45]} 13. Bb5 {[%emt 0:01:14]} Na7 {[%emt 0:02:47]} 14. Nbd4 {[%emt 0:02:24]} Nc5 {[%emt 0:00:47]} 15. Nc6 {[%emt 0:03:06]} Nxc6 {[%emt 0:04:13]} 1/2-1/2

[Event "Groningen Festival 2018"]
[Site "Groningen"]
[Date "2018.12.26"]
[Round "5"]
[White "Warmerdam, Max"]
[Black "Maatman, Nick"]
[Result "1/2-1/2"]
[WhiteElo "2433"]
[BlackElo "2363"]
[Annotator "NA"]
[PlyCount "54"]
[EventDate "2018.12.22"]
[EventType "swiss"]
[EventCountry "NED"]
[SourceTitle "playchess.com"]
[Source "ChessBase"]
[SourceQuality "1"]
[TimeControl "40/5400+30:1800+30"]

1. e4 {[%emt 0:00:00]} e6 {[%emt 0:00:00]} 2. d4 {[%emt 0:00:00]} d5 {[%emt 0:00:00]} 3. Nc3 {[%emt 0:00:00]} Bb4 {[%emt 0:00:00]} 4. e5 {[%emt 0:00:00]} Ne7 {[%emt 0:00:00]} 5. a3 {[%emt 0:00:00]} Bxc3+ {[%emt 0:00:00]} 6. bxc3 {[%emt 0:00:00]} c5 {[%emt 0:00:00]} 7. Qg4 {[%emt 0:00:05]} O-O {[%emt 0:00:34]} 8. Bd3 {[%emt 0:00:40]} f5 {[%emt 0:00:41]} 9. exf6 {[%emt 0:00:29]} Rxf6 {[%emt 0:00:25]} 10. Bg5 {[%emt 0:12:49]} Rf7 {[%emt 0:00:25]} 11. Nf3 {[%emt 0:01:09]} Nbc6 {[%emt 0:10:33]} 12. Bxe7 {[%emt 0:15:21]} Rxe7 {[%emt 0:04:29]} 13. Qh4 {[%emt 0:00:32]} h6 {[%emt 0:09:16]} 14. O-O {[%emt 0:00:39]} c4 {[%emt 0:03:19]} 15. Be2 {[%emt 0:07:53]} Bd7 {[%emt 0:01:39]} 16. Rfe1 {[%emt 0:00:57]} Rf7 {[%emt 0:21:39]} 17. Qxd8+ {[%emt 0:10:04]} Rxd8 {[%emt 0:00:23]} 18. Bf1 {[%emt 0:00:15]} Rdf8 {[%emt 0:01:30]} 19. Rab1 {[%emt 0:04:51]} b6 {[%emt 0:00:34]} 20. Re2 {[%emt 0:00:54]} g5 {[%emt 0:06:25]} 21. Ne1 {[%emt 0:02:57]} Rf6 {[%emt 0:02:48]} 22. g3 {[%emt 0:00:40]} Be8 {[%emt 0:03:15]} 23. f3 {[%emt 0:32:51]} Bg6 {[%emt 0:07:46]} 24. Re3 {[%emt 0:02:05]} Ne7 {[%emt 0:04:11]} 25. Re5 {[%emt 0:04:11]} Nc6 {[%emt 0:01:14]} 26. Re3 {[%emt 0:00:01]} Ne7 {[%emt 0:00:05]} 27. Re5 {[%emt 0:00:06]} Nc6 {[%emt 0:00:05]} 1/2-1/2

[Event "Groningen Festival 2018"]
[Site "Groningen"]
[Date "2018.12.26"]
[Round "5"]
[White "Lahaye, Rick"]
[Black "Kokje, Joris"]
[Result "1-0"]
[WhiteElo "2404"]
[BlackElo "2244"]
[Annotator "NA"]
[PlyCount "121"]
[EventDate "2018.12.22"]
[EventType "swiss"]
[EventCountry "NED"]
[SourceTitle "playchess.com"]
[Source "ChessBase"]
[SourceQuality "1"]
[TimeControl "40/5400+30:1800+30"]

1. e4 {[%emt 0:00:00]} c5 {[%emt 0:00:00]} 2. Ne2 {[%emt 0:00:00]} d6 {[%emt 0:01:03]} 3. g3 {[%emt 0:00:18]} g6 {[%emt 0:05:08]} 4. Bg2 {[%emt 0:00:48]} Bg7 {[%emt 0:00:07]} 5. O-O {[%emt 0:00:50]} Nc6 {[%emt 0:00:52]} 6. c3 {[%emt 0:00:24]} a6 {[%emt 0:09:06]} 7. d4 {[%emt 0:08:36]} cxd4 {[%emt 0:00:22]} 8. cxd4 {[%emt 0:00:54]} Nf6 {[%emt 0:05:46]} 9. Nbc3 {[%emt 0:05:17]} O-O {[%emt 0:02:03]} 10. h3 {[%emt 0:08:25]} Bd7 {[%emt 0:04:49]} 11. Be3 {[%emt 0:04:23]} b5 {[%emt 0:04:29]} 12. Rc1 {[%emt 0:06:29]} Rc8 {[%emt 0:05:40]} 13. b3 {[%emt 0:03:23]} b4 {[%emt 0:09:04]} 14. Na4 {[%emt 0:00:17]} Na7 {[%emt 0:05:02]} 15. e5 {[%emt 0:09:25]} Ne8 {[%emt 0:01:41]} 16. d5 {[%emt 0:02:43]} Rxc1 {[%emt 0:02:59]} 17. Qxc1 {[%emt 0:01:52]} Nb5 {[%emt 0:00:25]} 18. e6 {[%emt 0:02:12]} fxe6 {[%emt 0:02:17]} 19. dxe6 {[%emt 0:00:33]} Bxe6 {[%emt 0:00:14]} 20. Nf4 {[%emt 0:00:08]} Bf7 {[%emt 0:01:57]} 21. Nd5 {[%emt 0:09:09]} Nc3 {[%emt 0:06:46]} 22. Naxc3 {[%emt 0:09:34]} bxc3 {[%emt 0:00:06]} 23. Bh6 {[%emt 0:00:23]} Bxh6 {[%emt 0:03:54]} 24. Qxh6 {[%emt 0:00:16]} Nf6 {[%emt 0:02:58]} 25. Nxc3 {[%emt 0:03:53]} d5 {[%emt 0:08:02]} 26. Rd1 {[%emt 0:02:50]} Qd6 {[%emt 0:00:25]} 27. Qd2 {[%emt 0:01:53]} Rd8 {[%emt 0:00:22]} 28. f4 {[%emt 0:02:13]} e5 {[%emt 0:05:16]} 29. fxe5 {[%emt 0:01:43]} Qxe5 {[%emt 0:00:04]} 30. Qd4 {[%emt 0:00:09]} Qxd4+ {[%emt 0:02:53]} 31. Rxd4 {[%emt 0:00:05]} Rc8 {[%emt 0:00:37]} 32. Rd3 {[%emt 0:11:11]} d4 {[%emt 0:00:57]} 33. Nd1 {[%emt 0:00:23]} Rc2 {[%emt 0:01:18]} 34. a3 {[%emt 0:00:37]} Rc1 {[%emt 0:01:21]} 35. b4 {[%emt 0:02:20]} Nd5 {[%emt 0:01:31]} 36. Bxd5 {[%emt 0:03:07]} Bxd5 {[%emt 0:00:04]} 37. Kf2 {[%emt 0:00:06]} Rc2+ {[%emt 0:02:34]} 38. Ke1 {[%emt 0:00:08]} Bc4 {[%emt 0:01:05]} 39. Rd2 {[%emt 0:00:40]} Rc1 {[%emt 0:04:13]} 40. Rxd4 {[%emt 0:01:17]} Bb3 {[%emt 0:00:22]} 41. Ke2 {[%emt 0:18:23]} Ra1 {[%emt 0:04:11]} 42. Nb2 {[%emt 0:00:42]} Be6 {[%emt 0:01:31]} 43. a4 {[%emt 0:01:07]} Ra2 {[%emt 0:01:29]} 44. Rd2 {[%emt 0:00:06]} Bxh3 {[%emt 0:00:05]} 45. b5 {[%emt 0:04:34]} axb5 {[%emt 0:01:13]} 46. axb5 {[%emt 0:00:05]} Ra5 {[%emt 0:00:44]} 47. b6 {[%emt 0:00:05]} Rb5 {[%emt 0:01:22]} 48. Na4 {[%emt 0:00:32]} Bg2 {[%emt 0:05:43]} 49. Ke3 {[%emt 0:05:13]} Bc6 {[%emt 0:02:59]} 50. Rb2 {[%emt 0:00:55]} Rxb2 {[%emt 0:00:43]} 51. Nxb2 {[%emt 0:00:09]} Kf7 {[%emt 0:00:17]} 52. Nc4 {[%emt 0:00:22]} Kf6 {[%emt 0:04:04]} 53. Na5 {[%emt 0:03:25]} Bh1 {[%emt 0:00:13]} 54. b7 {[%emt 0:01:15]} Bxb7 {[%emt 0:00:05]} 55. Nxb7 {[%emt 0:00:02]} h5 {[%emt 0:05:54]} 56. Kf4 {[%emt 0:01:03]} g5+ {[%emt 0:00:24]} 57. Ke4 {[%emt 0:00:06]} Ke6 {[%emt 0:02:11]} 58. Nc5+ {[%emt 0:00:23]} Kf6 {[%emt 0:00:08]} 59. Nd3 {[%emt 0:00:20]} Ke6 {[%emt 0:00:11]} 60. Ne1 {[%emt 0:00:14]} h4 {[%emt 0:02:41]} 61. g4 {[%emt 0:00:15]} 1-0

[Event "Groningen Festival 2018"]
[Site "Groningen"]
[Date "2018.12.26"]
[Round "5"]
[White "Kollen, Zyon"]
[Black "Schippers, Maurice"]
[Result "1/2-1/2"]
[WhiteElo "2363"]
[BlackElo "2270"]
[Annotator "NA"]
[PlyCount "110"]
[EventDate "2018.12.22"]
[EventType "swiss"]
[EventCountry "NED"]
[SourceTitle "playchess.com"]
[Source "ChessBase"]
[SourceQuality "1"]
[TimeControl "40/5400+30:1800+30"]

1. e4 {[%emt 0:00:00]} c5 {[%emt 0:00:00]} 2. Nf3 {[%emt 0:00:00]} e6 {[%emt 0:00:10]} 3. d4 {[%emt 0:00:12]} cxd4 {[%emt 0:00:04]} 4. Nxd4 {[%emt 0:00:04]} Nf6 {[%emt 0:00:15]} 5. Nc3 {[%emt 0:00:12]} Nc6 {[%emt 0:00:17]} 6. Ndb5 {[%emt 0:00:23]} Bc5 {[%emt 0:00:39]} 7. Bf4 {[%emt 0:07:26]} O-O {[%emt 0:00:16]} 8. Bc7 {[%emt 0:12:07]} Qe7 {[%emt 0:00:16]} 9. Bd6 {[%emt 0:00:44]} Bxd6 {[%emt 0:00:08]} 10. Nxd6 {[%emt 0:00:57]} Rd8 {[%emt 0:04:35]} 11. Qd2 {[%emt 0:04:06]} a6 {[%emt 0:08:55]} 12. f4 {[%emt 0:08:07]} Ne8 {[%emt 0:16:54]} 13. Nxe8 {[%emt 0:11:38]} d5 {[%emt 0:07:58]} 14. Nxg7 {[%emt 0:10:52]} dxe4 {[%emt 0:02:18]} 15. Qe3 {[%emt 0:02:00]} Kxg7 {[%emt 0:05:19]} 16. Nxe4 {[%emt 0:09:18]} Qb4+ {[%emt 0:13:36]} 17. Qc3+ {[%emt 0:00:24]} Rd4 {[%emt 0:00:39]} 18. Bd3 {[%emt 0:10:22]} e5 {[%emt 0:05:51]} 19. Ng3 {[%emt 0:02:08]} Bg4 {[%emt 0:14:31]} 20. h3 {[%emt 0:06:50]} exf4 {[%emt 0:02:04]} 21. hxg4 {[%emt 0:06:07]} fxg3 {[%emt 0:00:10]} 22. O-O-O {[%emt 0:00:29]} h6 {[%emt 0:05:53]} 23. Bf5 {[%emt 0:05:10]} Qxc3 {[%emt 0:02:29]} 24. bxc3 {[%emt 0:00:01]} Rxd1+ {[%emt 0:00:21]} 25. Rxd1 {[%emt 0:00:08]} Ne5 {[%emt 0:03:14]} 26. Re1 {[%emt 0:02:26]} Kf6 {[%emt 0:00:26]} 27. Be4 {[%emt 0:00:43]} Rb8 {[%emt 0:01:36]} 28. Re3 {[%emt 0:00:11]} Kg5 {[%emt 0:01:51]} 29. Bd5 {[%emt 0:00:26]} Nxg4 {[%emt 0:01:03]} 30. Rxg3 {[%emt 0:00:05]} f5 {[%emt 0:00:17]} 31. Rd3 {[%emt 0:01:13]} b5 {[%emt 0:00:38]} 32. c4 {[%emt 0:00:18]} bxc4 {[%emt 0:00:53]} 33. Bxc4 {[%emt 0:00:03]} Ne5 {[%emt 0:00:57]} 34. Bxa6 {[%emt 0:01:16]} Nxd3+ {[%emt 0:00:11]} 35. Bxd3 {[%emt 0:00:01]} Kf4 {[%emt 0:00:45]} 36. a4 {[%emt 0:00:47]} Rg8 {[%emt 0:00:38]} 37. Bf1 {[%emt 0:00:21]} Ke3 {[%emt 0:00:20]} 38. a5 {[%emt 0:00:05]} Kf2 {[%emt 0:00:40]} 39. Bd3 {[%emt 0:00:12]} Ra8 {[%emt 0:01:33]} 40. Bxf5 {[%emt 0:00:20]} Rxa5 {[%emt 0:00:04]} 41. Be4 {[%emt 0:30:34]} h5 {[%emt 0:30:43]} 42. Kd2 {[%emt 0:00:00]} h4 {[%emt 0:00:00]} 43. c4 {[%emt 0:00:00]} Rg5 {[%emt 0:00:00]} 44. Kd3 {[%emt 0:00:00]} Kg3 {[%emt 0:00:00]} 45. Kd4 {[%emt 0:00:00]} Kf4 {[%emt 0:00:00]} 46. Bd5 {[%emt 0:00:00]} Kf5 {[%emt 0:00:00]} 47. Bf3 {[%emt 0:00:00]} Rg3 {[%emt 0:00:00]} 48. Be4+ {[%emt 0:00:00]} Ke6 {[%emt 0:00:00]} 49. c5 {[%emt 0:00:00]} Kd7 {[%emt 0:00:00]} 50. Bf5+ {[%emt 0:00:00]} Kc6 {[%emt 0:00:00]} 51. Be4+ {[%emt 0:00:00]} Kc7 {[%emt 0:00:00]} 52. Ke5 {[%emt 0:00:00]} Rg5+ {[%emt 0:00:00]} 53. Kd4 {[%emt 0:00:00]} Rg3 {[%emt 0:00:00]} 54. Ke5 {[%emt 0:00:00]} Rg5+ {[%emt 0:00:00]} 55. Kd4 {[%emt 0:00:00]} Rg3 {[%emt 0:00:00]} 1/2-1/2

[Event "Groningen Festival 2018"]
[Site "Groningen"]
[Date "2018.12.26"]
[Round "5"]
[White "Ashwath, R.."]
[Black "Van Meegen, Ruud"]
[Result "1/2-1/2"]
[WhiteElo "2314"]
[BlackElo "2230"]
[Annotator "NA"]
[PlyCount "21"]
[EventDate "2018.12.22"]
[EventType "swiss"]
[EventCountry "NED"]
[SourceTitle "playchess.com"]
[Source "ChessBase"]
[SourceQuality "1"]
[TimeControl "40/5400+30:1800+30"]

1. d4 {[%emt 0:00:12]} Nf6 {[%emt 0:00:00]} 2. c4 {[%emt 0:00:00]} e6 {[%emt 0:00:00]} 3. Nc3 {[%emt 0:00:00]} Bb4 {[%emt 0:00:00]} 4. Nf3 {[%emt 0:00:00]} O-O {[%emt 0:00:15]} 5. Bg5 {[%emt 0:03:40]} c5 {[%emt 0:01:13]} 6. Rc1 {[%emt 0:03:35]} h6 {[%emt 0:02:06]} 7. Bh4 {[%emt 0:04:50]} cxd4 {[%emt 0:00:34]} 8. Nxd4 {[%emt 0:00:38]} d5 {[%emt 0:00:31]} 9. Bxf6 {[%emt 0:21:46]} Qxf6 {[%emt 0:00:22]} 10. cxd5 {[%emt 0:00:45]} exd5 {[%emt 0:00:19]} 11. e3 {[%emt 0:02:47]} 1/2-1/2